000 01028cam a2200229 4500
001 ABS61399
008 000000n1999 000 0 eng u
035 _a(Sirsi) u101131
100 _aMurdoch, S.
245 2 _aA short-term business
260 _c1999
490 _aEstates Gazette
_v 9 October 1999, 188(1)
520 _aSometimes a landlord will grant a tenancy outside of the Landlord and Tenant Act 1954. Recently the courts have considered the operation of the short-term lease exclusion in s43(3), in the case of "Cricket Ltd v Shaftesbury plc". The decision being that a period of occupation after the expiry of an excluded tenancy could not retrospectively bring earlier tenancies within the protection of the Landlord and Tenant Act 1954.
590 _aABS
650 _aCRICKET LTD V SHAFTESBURY PLC
650 _aLANDLORD AND TENANT ACT 1954
650 _aSHORT-TERM LEASES
650 _aBUSINESS TENANCIES
650 _aPROTECTION
690 _aLANDLORD AND TENANT-BUSINESS TENANCIES
942 _n0
999 _c60333
_d60333